| 000 | 01633nam a2200349 a 4500 | ||
|---|---|---|---|
| 001 | BRCA_3307 | ||
| 005 | 20190320204220.0 | ||
| 008 | 190309s1870----enka---###---#000-0#eng-# | ||
| 041 | _aeng | ||
| 044 | _aenk | ||
| 084 |
_a601 _b.W37 _c1870 |
||
| 100 | 1 |
_aCervantes Saavedra, Miguel de _d1547-1616 _9213 |
|
| 245 | 1 | 0 |
_aAdventures of Don Quixote de la Mancha _cTranslated from the Spanish of Miguel de Cervantes Saavedra by Charles Jarvis. |
| 260 |
_aLondres _bWard, Lock and Tyler _c1870 |
||
| 300 |
_a1 v. en 2 partes (xiv, 766 p.) _bil. _c22 cm. |
||
| 440 | 0 |
_aBeeton´s Boy´s own Library _98753 |
|
| 500 | _aContenido : Primera parte. Biografía de Cervantes basada en la escrita por L. Viardot. Prólogo del autor. Segunda parte. Prólogo del autor | ||
| 500 | _aEdición : Carefully Revised and Corrected. Illustrated by Tony Johannot | ||
| 500 | _aReimpresión de la traducción de Charles Jarvis, publicada en 1868, por los mismos editores. Tela; lomo y planos decorados con motivos quijotiles Lúdovik Osterc | ||
| 500 | _aEstado físico : Encuadernación maltratada y primeras hojas desprendidas | ||
| 500 | _aQM900A | ||
| 546 | _aTexto en : inglés | ||
| 650 | 1 | 4 |
_aNovela española _yÉpoca clásica, 1500-1700 _9215 |
| 650 | 1 | 4 |
_aLiteratura española _yÉpoca clásica, 1500-1700 _9216 |
| 650 | 1 | 4 |
_aNovela española _ySiglo XVII _9217 |
| 650 | 1 | 4 |
_aDon Quijote (Personaje ficticio) _eNovela _9218 |
| 700 | 1 |
_aJarvis, Charles _d?-1739 _eTraductor _98754 |
|
| 700 | 1 |
_aJohannot, Tony _d1803-1852 _eIlustrador _98755 |
|
| 740 | 0 | _aEl Ingenioso Hidalgo Don Quijote de la Mancha | |
| 902 | _aQFM | ||
| 942 |
_2lcc _cB |
||
| 999 |
_c3043 _d3043 |
||